000 00610nam a2200181 a 4500
001 000044113
005 20201002045144.0
008 140516s1998 sp 000 0 spa d
020 _a843060314X
040 _aDO-SdBNP
_bspa
_cBNPHU
100 1 _aBobbio, Norberto
_d1909-2004
_947660
240 1 0 _aDestra e sinistra
_lespañol
245 1 0 _aDerecha e izquierda /
_cBobio Norberto ; traducción, Alessandra Picone.
260 _aMadrid :
_bTaurus,
_c1998.
300 _a187 p. ;
_c19 cm.
504 _aIncluye referencias bibliográficas y notas al pie de las páginas
700 1 2 _aPicone, Alessandra
_etr.
_947661
999 _c43602
_d43602